00758 2200265 4500001002100000005001700021008004100038020002200079020002200101035002400123040001200147041000800159082001300167084001900180100002000199245008700219250001000306260003300316300003800349504002600387650003300413850001200446990001700458990001700475YOGYA-0113000000171220170109113058.0 ind  a978-979-1078-96-2 a978-979-1078-96-2 0010-011300000001712 aYOPDYOG aInd a005.3684 a005.3684 Eko M aEKO PRIYO UTOMO aMengenal windows 7: disertai dengan teknik optimasi serta tips...cEKO PRIYO UTOMO aCet.1 aYogyakartabGava Mediac2010 aXII, 208 hlmbilusc18 cm (2 eks) aBibliografi: hlm. 208 aWindows 7 (Program komputer) aYOPDYOG a179-RBM/B.12 a180-RBM/B.12